| 000 | 00531nam a22002057a 4500 | ||
|---|---|---|---|
| 003 | OSt | ||
| 005 | 20140310183050.0 | ||
| 008 | 130227t xxu||||| |||| 00| 0 eng d | ||
| 020 | _a9710829238 | ||
| 050 |
_aMT 7 _b.R616 1986 |
||
| 082 |
_aFIL 781.1 _b.R616 1986 |
||
| 245 |
_aFundamentals of music _cRivadelo, Rosita F. |
||
| 260 |
_aMetro Manila _bNational Book Store _c1986 |
||
| 300 |
_axi, 165 p. _bill. _c23 cm. |
||
| 521 | _aCollege | ||
| 526 | _c1210L-1700L | ||
| 541 | _j1 | ||
| 562 | _e1 | ||
| 942 |
_2lcc _cBK _kFIL |
||
| 999 |
_c18644 _d18644 |
||